Deuda externa de América Latina: no se podrá pagar.
Сохранить в:
| Формат: | Текст |
|---|---|
| Предметы: | |
| Метки: |
Добавить метку
Нет меток, Требуется 1-ая метка записи!
|
MARC
| LEADER | 00000 a a2200000 04500 | ||
|---|---|---|---|
| 001 | 44654 | ||
| 003 | |||
| 040 | |||
| 245 | |a Deuda externa de América Latina: |b no se podrá pagar. | ||
| 650 | |a LATINOAMERICA | ||
| 650 | |a ECONOMIA | ||
| 650 | |a DEMOCARCIA/ECONOMOA MUNDIAL | ||
| 650 | |a RELACIONES ECONOMICAS INTERNACIONALES | ||
| 650 | |a RELACIONES INTERNACIONALES | ||
| 650 | |a GLOBALIZACION | ||
| 650 | |a HISTORIA ECONOMICA | ||
| 650 | |a CRISIS | ||
| 650 | |a DEUDA EXTERNA | ||
| 650 | |a POBREZA | ||
| 650 | |a LUCHAS SOCIALES | ||
| 650 | |a INTERVENCION EXTRANGERA | ||
| 773 | |g volumen8, número61 (1984), Página: 5 | ||
| 999 | |c 24343 |d 24343 | ||
